[Event "Toulouse Petit Capitole op"]
[Site "Toulouse"]
[Date "2015.05.30"]
[Round "2"]
[White "Charruyer, Baptiste"]
[Black "Henry, Enzo"]
[Result "1-0"]
[WhiteElo "1548"]
[BlackElo "1110"]
[PlyCount "87"]
[EventDate "2015.05.30"]
[EventType "swiss"]
[EventRounds "6"]
[EventCountry "FRA"]
[SourceTitle "EXT 2016"]
[Source "ChessBase"]
[SourceDate "2015.10.08"]
[SourceVersion "1"]
[SourceVersionDate "2015.10.08"]
[SourceQuality "1"]

1. d4 d5 2. Nf3 Nf6 3. Bf4 Nc6 4. e3 g6 5. Bb5 Bd7 6. Nbd2 Bg7 7. 0-0 0-0 8. h3 a6 9. Bxc6 Bxc6 10. Ne5 Bb5 11. Re1 Re8 12. a4 Bd7 13. c4 c6 14. Qb3 Rb8 15. Nxd7 Qxd7 16. Bxb8 Rxb8 17. Qd3 e6 18. c5 Bf8 19. Nf3 a5 20. Rab1 b6 21. Ne5 Qc8 22. cxb6 Rxb6 23. Rec1 c5 24. dxc5 Bxc5 25. Qc2 Ne4 26. Nd3 Rc6 27. Nxc5 Rxc5 28. Qd1 Qc7 29. Rxc5 Qxc5 30. Rc1 Qd6 31. Qd4 Qd8 32. Rc6 Qf6 33. Qxf6 Nxf6 34. Ra6 h5 35. Rxa5 g5 36. Rb5 h4 37. a5 Nd7 38. a6 Nf6 39. a7 Kg7 40. a8Q g4 41. hxg4 Nxg4 42. e4 d4 43. Rg5+ Kh6 44. Qg8 1-0

[Event "Condom op-B"]
[Site "Condom"]
[Date "2009.07.15"]
[Round "6"]
[White "Charruyer, Baptiste"]
[Black "Petitcolas, Louis"]
[Result "1/2-1/2"]
[WhiteElo "1670"]
[BlackElo "1577"]
[PlyCount "44"]
[EventDate "2009.07.11"]
[EventType "swiss"]
[EventRounds "9"]
[EventCountry "FRA"]
[SourceTitle "CBM 131 Extra"]
[Source "ChessBase"]
[SourceDate "2009.09.03"]
[SourceVersion "2"]
[SourceVersionDate "2009.09.16"]
[SourceQuality "1"]

1. d4 d5 2. Nf3 Nf6 3. Bg5 Nbd7 4. Nbd2 h6 5. Bh4 e6 6. e3 Be7 7. Be2 0-0 8. c3 b6 9. Bb5 Bb7 10. Qa4 a6 11. Bxd7 Nxd7 12. Bxe7 Qxe7 13. Rc1 c5 14. 0-0 b5 15. Qd1 Rac8 16. a3 e5 17. Nxe5 Nxe5 18. dxe5 Qxe5 19. Qg4 Rfd8 20. Nf3 Qe6 21. Qxe6 fxe6 22. Ne5 a5 1/2-1/2

[Event "Ouest Toulousain op-B 4th"]
[Site "Tournefeuille"]
[Date "2009.02.19"]
[Round "6"]
[White "Ruault, Vincent"]
[Black "Charruyer, Baptiste"]
[Result "1/2-1/2"]
[WhiteElo "1460"]
[BlackElo "1600"]
[PlyCount "37"]
[EventDate "2009.02.16"]
[EventType "swiss"]
[EventRounds "9"]
[EventCountry "FRA"]
[SourceTitle "CBM 128 Extra"]
[Source "ChessBase"]
[SourceDate "2009.03.05"]
[SourceVersion "2"]
[SourceVersionDate "2009.03.25"]
[SourceQuality "1"]

1. d4 d5 2. Nf3 c6 3. Bf4 Nf6 4. e3 Bg4 5. h3 Bh5 6. c4 e6 7. Nbd2 Bb4 8. Qb3 Qb6 9. a3 Bxd2+ 10. Nxd2 Nbd7 11. Qxb6 Nxb6 12. c5 Nbd7 13. Bd3 Bg6 14. Bxg6 hxg6 15. 0-0 Nh5 16. Bh2 0-0 17. b4 b5 18. a4 a6 19. a5 1/2-1/2